| 000 | 01656nam a2200385 c 4500 | ||
|---|---|---|---|
| 999 |
_c127281 _d127281 |
||
| 003 | BLK | ||
| 005 | 20250125153611.0 | ||
| 008 | 180409b bul|||||r ||||||| ||bul|| | ||
| 010 | _aKNG00132983000 | ||
| 020 | _a978-954-9321-26-5 | ||
| 040 | _aBLK | ||
| 041 |
_aBUL _cBUL |
||
| 072 | 7 |
_2bullib _aН83 _xЧужда художествена литература Н |
|
| 080 |
_aАмериканска литература (на САЩ) _b821.111(73) _x-312.9 _z821.111(73)-312.9 |
||
| 100 | 1 |
_aКлеър, Касандра _eпърви автор _gРумелт, Джудит _9303824 |
|
| 139 |
_aКлеър, Касандра _bК 63 |
||
| 245 | 1 | 0 |
_aРеликвите на смъртните: Кн.1 _bКн. 1 - _cКасандра Клеър; прев. от англ. Людмила Маринова Костова. _nКн. 1 _pГрад от кости |
| 257 | _aUSA | ||
| 260 |
_c2010 - _fСофия : Симолини |
||
| 300 | _c21 см | ||
| 380 | _aX | ||
| 500 | _aОриг. загл. Mortal instruments / Cassandra Clare. - Касандра Клеър - псевд. на Джудит Румелт. | ||
| 653 | _aфентъзи | ||
| 653 | _aромани | ||
| 659 | _aН | ||
| 700 |
_aКостова, Людмила Маринова _9366797 |
||
| 760 | 1 |
_aКлеър, Касандра _dИбис, 2010 _h444 с. _nОриг. загл.City of Bones. _tКн. 1 Град от кости |
|
| 852 | _aЦб 256000 | ||
| 856 | 4 | _qpdf | |
| 856 | 4 | _qpdf | |
| 942 |
_cKNG _n0 _045 _s1 |
||
| 944 |
_aCR _c20.08.2012 _lРадостина Карадакова _k30534 |
||
| 944 |
_aED _c04.06.2015 _lф / _kЛюдмила_Стоянова |
||
| 999 | _d127281 | ||